Health economics & policy

Salvato in:
Dettagli Bibliografici
Autore principale: Henderson, James W.
Natura: Libro
Lingua:inglese
Pubblicazione: Mason South-Western Cengage Learning 2009
Edizione:4th international student ed.
Soggetti:
Tags: Aggiungi Tag
Nessun Tag, puoi essere il primo ad aggiungerne!!

MARC

LEADER 00000nam a2200000 4500
001 0167885
005 20240226124307.2
020 |a 978-0-324-54253-0 
020 |a 0-324-54253-4 
041 0 |a eng 
044 |a US 
245 1 0 |a Health economics & policy  |c James W. Henderson 
250 |a 4th international student ed. 
264 1 |a Mason  |b South-Western Cengage Learning  |c 2009 
300 |a xvi, 477 s.  |e príl. 
610 2 0 |a zdravotníctvo verejné 
610 2 0 |a politika zdravotná 
610 2 0 |a starostlivosť zdravotná 
610 2 0 |a priemysel farmaceutický 
610 2 0 |a USA 
100 1 |a Henderson, James W.